000 00557nam a22001937a 4500
999 _c8221
_d8221
003 GBCCL
005 20241126110645.0
008 190723b ||||| |||| 00| 0 eng d
020 _a1877607223
020 _a9781877607226
040 _cGBC
082 _a231.1
_bVAN
100 _aVan Schouwen, Cornelius
_914309
245 _aThe priesthood of Melchizedek/
_cby Cornelius Van Schouwen.
260 _aLansing, IL :
_bRedeemer Books,
_c ©1989.
300 _a[3], 57 pages ;
_b20 cm
650 _aMelchizedek, -- King of Salem.
_914310
942 _2ddc
_cBK